[Event "Campionat de Catalunya 2021 Sub 10-14"]
[Site "Salou"]
[Date "2021.03.28"]
[Round "2.1"]
[White "Domene Mulyukov, Alexander"]
[Black "Vila i Bague, Arnau"]
[Result "1-0"]
[WhiteFideId "24589802"]
[BlackFideId "24594199"]
[WhiteElo "2023"]
[BlackElo "1584"]

1. e4 {[%clk 01:30:58]} {[%emt 00:00:02]} e5 {[%clk 01:30:54]} {[%emt
00:00:06]} 2. Nf3 {[%clk 01:31:24]} {[%emt 00:00:03]} Nc6 {[%clk 01:31:20]}
{[%emt 00:00:04]} 3. d4 {[%clk 01:31:51]} {[%emt 00:00:03]} exd4 {[%clk
01:31:43]} {[%emt 00:00:07]} 4. Nxd4 {[%clk 01:32:14]} {[%emt 00:00:07]} Nf6
{[%clk 01:29:07]} {[%emt 00:03:06]} 5. Nxc6 {[%clk 01:32:39]} {[%emt 00:00:05]}
bxc6 {[%clk 01:27:38]} {[%emt 00:01:59]} 6. Bd3 {[%clk 01:33:05]} {[%emt
00:00:05]} Be7 {[%clk 01:27:14]} {[%emt 00:00:53]} 7. O-O {[%clk 01:32:21]}
{[%emt 00:01:14]} d5 {[%clk 01:26:09]} {[%emt 00:01:36]} 8. e5 {[%clk
01:32:46]} {[%emt 00:00:04]} Nd7 {[%clk 01:25:48]} {[%emt 00:00:51]} 9. f4
{[%clk 01:29:53]} {[%emt 00:03:23]} Nc5 {[%clk 01:24:58]} {[%emt 00:01:21]} 10.
f5 {[%clk 01:29:11]} {[%emt 00:01:11]} Nxd3 {[%clk 01:24:38]} {[%emt 00:00:50]}
11. Qxd3 {[%clk 01:28:18]} {[%emt 00:01:24]} Bc5+ {[%clk 01:24:08]} {[%emt
00:00:59]} 12. Kh1 {[%clk 01:25:49]} {[%emt 00:02:58]} O-O {[%clk 01:18:07]}
{[%emt 00:06:32]} 13. Qc3 {[%clk 01:18:35]} {[%emt 00:07:45]} Bb6 {[%clk
01:10:36]} {[%emt 00:08:01]} 14. f6 {[%clk 01:18:45]} {[%emt 00:00:19]} Re8
{[%clk 01:08:37]} {[%emt 00:02:29]} 15. Nd2 {[%clk 01:11:20]} {[%emt 00:07:55]}
Bb7 {[%clk 01:05:56]} {[%emt 00:03:12]} 16. Qg3 {[%clk 01:11:13]} {[%emt
00:00:37]} g6 {[%clk 01:05:58]} {[%emt 00:00:28]} 17. Nf3 {[%clk 01:11:37]}
{[%emt 00:00:06]} Qd7 {[%clk 01:01:28]} {[%emt 00:05:01]} 18. Qh4 {[%clk
01:10:36]} {[%emt 00:01:30]} Bc8 {[%emt 00:02:20]} 1-0

[Event "Campionat de Catalunya 2021 Sub 10-14"]
[Site "Salou"]
[Date "2021.03.28"]
[Round "2.2"]
[White "Benseny Martinez, Guerau"]
[Black "Ribera Veganzones, Serni"]
[Result "0-1"]
[WhiteFideId "24597481"]
[BlackFideId "6900860"]
[WhiteElo "1552"]
[BlackElo "2010"]

1. e4 {[%clk 01:30:53]} {[%emt 00:00:07]} c5 {[%clk 01:30:52]} {[%emt
00:00:09]} 2. Nf3 {[%clk 01:31:15]} {[%emt 00:00:07]} Nc6 {[%clk 01:31:17]}
{[%emt 00:00:05]} 3. d4 {[%clk 01:31:37]} {[%emt 00:00:08]} cxd4 {[%clk
01:31:40]} {[%emt 00:00:07]} 4. Nxd4 {[%clk 01:32:00]} {[%emt 00:00:07]} Nf6
{[%clk 01:32:01]} {[%emt 00:00:09]} 5. Nc3 {[%clk 01:32:16]} {[%emt 00:00:14]}
e6 {[%clk 01:31:46]} {[%emt 00:00:46]} 6. a3 {[%clk 01:32:03]} {[%emt
00:00:43]} Be7 {[%clk 01:30:43]} {[%emt 00:01:32]} 7. Be3 {[%clk 01:31:51]}
{[%emt 00:00:42]} O-O {[%clk 01:29:51]} {[%emt 00:01:23]} 8. g3 {[%clk
01:27:49]} {[%emt 00:04:32]} d6 {[%clk 01:15:51]} {[%emt 00:14:30]} 9. Bg2
{[%clk 01:27:31]} {[%emt 00:00:48]} Qc7 {[%clk 01:16:06]} {[%emt 00:00:15]} 10.
O-O {[%clk 01:27:26]} {[%emt 00:00:35]} a6 {[%clk 01:16:24]} {[%emt 00:00:14]}
11. Qe2 {[%clk 01:26:31]} {[%emt 00:01:23]} Bd7 {[%clk 01:14:30]} {[%emt
00:02:24]} 12. Nxc6 {[%clk 01:23:21]} {[%emt 00:03:40]} Bxc6 {[%clk 01:14:02]}
{[%emt 00:00:58]} 13. Rfd1 {[%clk 01:22:19]} {[%emt 00:01:32]} b5 {[%clk
01:13:31]} {[%emt 00:01:02]} 14. f4 {[%clk 01:18:53]} {[%emt 00:03:55]} Qb7
{[%clk 01:06:31]} {[%emt 00:07:31]} 15. Bd4 {[%clk 01:17:53]} {[%emt 00:01:29]}
Nd7 {[%clk 01:00:36]} {[%emt 00:06:25]} 16. Rd2 {[%clk 01:16:41]} {[%emt
00:01:42]} a5 {[%clk 00:59:04]} {[%emt 00:02:02]} 17. e5 {[%clk 01:12:47]}
{[%emt 00:04:24]} dxe5 {[%clk 00:45:57]} {[%emt 00:13:38]} 18. Bxe5 {[%clk
01:11:31]} {[%emt 00:01:46]} b4 {[%clk 00:43:20]} {[%emt 00:03:08]} 19. Ne4
{[%clk 01:08:11]} {[%emt 00:03:49]} Nxe5 {[%clk 00:39:43]} {[%emt 00:04:06]} 20.
fxe5 {[%clk 01:08:28]} {[%emt 00:00:12]} bxa3 {[%clk 00:40:02]} {[%emt
00:00:13]} 21. c3 {[%clk 01:07:34]} {[%emt 00:01:23]} axb2 {[%clk 00:38:47]}
{[%emt 00:01:45]} 22. Rxb2 {[%clk 01:07:53]} {[%emt 00:00:11]} Qc7 {[%clk
00:38:38]} {[%emt 00:00:40]} 23. c4 {[%clk 01:07:11]} {[%emt 00:01:12]} Qxe5
{[%clk 00:37:40]} {[%emt 00:01:28]} 24. Rab1 {[%clk 01:06:04]} {[%emt
00:01:38]} Rfc8 {[%clk 00:35:21]} {[%emt 00:02:49]} 25. Kf1 {[%clk 01:05:13]}
{[%emt 00:01:20]} Qf5+ {[%clk 00:31:11]} {[%emt 00:04:40]} 26. Kg1 {[%clk
01:04:52]} {[%emt 00:00:51]} a4 {[%clk 00:30:25]} {[%emt 00:01:17]} 27. Rb6
{[%clk 01:04:15]} {[%emt 00:01:06]} Bc5+ {[%clk 00:25:20]} {[%emt 00:05:34]} 28.
Nxc5 {[%clk 01:04:38]} {[%emt 00:00:08]} Qxc5+ {[%clk 00:25:49]} {[%emt
00:00:01]} 29. Kh1 {[%clk 01:04:48]} {[%emt 00:00:20]} Bxg2+ {[%clk 00:25:36]}
{[%emt 00:00:44]} 30. Kxg2 {[%clk 01:04:49]} {[%emt 00:00:29]} h6 {[%clk
00:25:29]} {[%emt 00:00:36]} 31. R1b4 {[%clk 01:04:41]} {[%emt 00:00:39]} a3
{[%clk 00:25:22]} {[%emt 00:00:37]} 32. Qa2 {[%clk 01:04:36]} {[%emt 00:00:35]}
Rd8 {[%clk 00:24:51]} {[%emt 00:01:01]} 33. R4b5 {[%clk 01:03:47]} {[%emt
00:01:20]} Qe3 {[%clk 00:24:59]} {[%emt 00:00:21]} 34. Kh3 {[%clk 01:03:47]}
{[%emt 00:00:31]} Qd2 {[%clk 00:23:38]} {[%emt 00:01:51]} 35. Qxd2 {[%clk
01:03:22]} {[%emt 00:00:55]} Rxd2 {[%clk 00:24:06]} {[%emt 00:00:02]} 36. Rb8+
{[%clk 01:03:40]} {[%emt 00:00:12]} Rxb8 {[%clk 00:24:35]} {[%emt 00:00:02]} 37.
Rxb8+ {[%clk 01:04:01]} {[%emt 00:00:09]} Kh7 {[%clk 00:25:03]} {[%emt
00:00:02]} 38. Ra8 {[%clk 01:04:20]} {[%emt 00:00:11]} Rc2 {[%clk 00:25:16]}
{[%emt 00:00:16]} 39. Rxa3 {[%clk 01:04:40]} {[%emt 00:00:10]} Rxc4 {[%clk
00:25:45]} {[%emt 00:00:01]} 40. Ra7 {[%clk 01:04:52]} {[%emt 00:00:18]} Kg6
{[%clk 00:26:09]} {[%emt 00:00:06]} 41. g4 {[%clk 01:05:19]} {[%emt 00:00:02]}
f5 {[%clk 00:25:25]} {[%emt 00:01:14]} 42. gxf5+ {[%clk 01:05:38]} {[%emt
00:00:12]} exf5 {[%clk 00:25:54]} {[%emt 00:00:01]} 43. Ra6+ {[%clk 01:05:51]}
{[%emt 00:00:17]} Kg5 {[%clk 00:26:14]} {[%emt 00:00:10]} 44. Ra7 {[%clk
01:06:13]} {[%emt 00:00:08]} g6 {[%clk 00:26:36]} {[%emt 00:00:08]} 45. Kg2
{[%clk 01:06:15]} {[%emt 00:00:28]} Rc3 {[%clk 00:26:53]} {[%emt 00:00:12]} 46.
Ra6 {[%clk 01:06:21]} {[%emt 00:00:24]} Kh5 {[%clk 00:23:41]} {[%emt 00:03:42]}
47. Rf6 {[%clk 01:06:37]} {[%emt 00:00:14]} Rc5 {[%clk 00:23:03]} {[%emt
00:01:08]} 48. Kg3 {[%clk 01:06:48]} {[%emt 00:00:19]} g5 {[%clk 00:23:09]}
{[%emt 00:00:24]} 49. h3 {[%clk 01:07:00]} {[%emt 00:00:18]} f4+ {[%clk
00:23:19]} {[%emt 00:00:20]} 50. Kg2 {[%clk 01:07:06]} {[%emt 00:00:24]} Rc8
{[%clk 00:22:34]} {[%emt 00:01:16]} 51. Kf2 {[%clk 01:07:04]} {[%emt 00:00:32]}
Rg8 {[%clk 00:22:51]} {[%emt 00:00:12]} 52. Kf3 {[%clk 01:07:19]} {[%emt
00:00:15]} Rg6 {[%clk 00:23:10]} {[%emt 00:00:11]} 53. Rf5 {[%clk 01:07:33]}
{[%emt 00:00:17]} Kh4 {[%clk 00:23:29]} {[%emt 00:00:11]} 54. Kg2 {[%clk
01:07:53]} {[%emt 00:00:11]} Rd6 {[%clk 00:23:07]} {[%emt 00:00:47]} 55. Rf7
{[%clk 01:08:04]} {[%emt 00:00:23]} Rd2+ {[%clk 00:23:27]} {[%emt 00:00:10]} 56.
Kf1 {[%clk 01:08:22]} {[%emt 00:00:12]} Kxh3 {[%clk 00:23:40]} {[%emt
00:00:18]} 57. Rh7 {[%clk 01:08:46]} {[%emt 00:00:05]} Rd6 {[%clk 00:24:03]}
{[%emt 00:00:07]} 58. Rf7 {[%clk 01:08:55]} {[%emt 00:00:21]} Kg3 {[%clk
00:23:44]} {[%emt 00:00:49]} 59. Ke2 {[%clk 01:09:15]} {[%emt 00:00:11]} g4
{[%clk 00:24:01]} {[%emt 00:00:13]} 0-1

[Event "Campionat de Catalunya 2021 Sub 10-14"]
[Site "Salou"]
[Date "2021.03.28"]
[Round "2.3"]
[White "Ano Pla, Gerard"]
[Black "Valero Roca, Roger"]
[Result "1-0"]
[WhiteFideId "24560561"]
[BlackFideId "54764297"]
[WhiteElo "1975"]
[BlackElo "1539"]

1. d4 {[%clk 01:30:57]} {[%emt 00:00:03]} Nf6 {[%emt 00:00:27]} 2. c4 {[%clk
01:31:13]} {[%emt 00:00:07]} e6 {[%clk 01:30:22]} {[%emt 00:00:48]} 3. Nf3
{[%clk 01:30:33]} {[%emt 00:01:10]} d5 {[%clk 01:29:51]} {[%emt 00:01:00]} 4.
g3 {[%clk 01:30:59]} {[%emt 00:00:05]} Be7 {[%clk 01:28:13]} {[%emt 00:02:07]}
5. Bg2 {[%emt 00:00:56]} b6 {[%clk 01:27:13]} {[%emt 00:00:38]} 6. O-O {[%emt
00:03:45]} a5 {[%clk 01:23:39]} {[%emt 00:00:27]} 7. Nbd2 {[%clk 01:30:32]}
{[%emt 00:01:46]} Ba6 {[%emt 00:02:10]} 8. Qc2 {[%emt 00:00:28]} Nbd7 {[%clk
01:21:55]} {[%emt 00:00:57]} 9. Re1 {[%emt 00:07:31]} c5 {[%emt 00:13:09]} 10.
b3 {[%clk 01:16:11]} {[%emt 00:01:57]} O-O {[%clk 01:12:20]} {[%emt 00:02:05]}
11. Bb2 {[%emt 00:04:50]} Qc7 {[%clk 01:08:14]} {[%emt 00:00:49]} 12. Rac1
{[%clk 01:13:51]} {[%emt 00:03:16]} Rfc8 13. e4 {[%clk 01:13:57]} {[%emt
00:07:04]} dxe4 14. Nxe4 {[%clk 01:14:08]} {[%emt 00:00:50]} cxd4 15. Nxd4
{[%clk 01:13:28]} {[%emt 00:05:59]} Rab8 16. Nc6 {[%clk 01:12:54]} {[%emt
00:12:15]} Bd8 {[%clk 00:46:52]} 17. Nxf6+ {[%emt 00:01:15]} Bxf6 {[%clk
00:46:44]} {[%emt 00:00:24]} 18. Nxb8 {[%emt 00:01:08]} Qxb8 {[%emt 00:02:06]}
19. Red1 {[%emt 00:00:35]} Bxb2 {[%emt 00:00:23]} 20. Qxb2 {[%clk 01:12:57]}
{[%emt 00:01:23]} Nf6 21. Qd4 {[%clk 01:12:26]} {[%emt 00:01:58]} Re8 22. Qd6
{[%clk 01:11:15]} {[%emt 00:01:36]} Qa7 23. Bc6 {[%emt 00:02:46]} Rf8 {[%clk
00:41:56]} {[%emt 00:00:37]} 24. c5 {[%emt 00:04:49]} Rc8 {[%clk 00:38:16]}
{[%emt 00:00:04]} 1-0

[Event "Campionat de Catalunya 2021 Sub 10-14"]
[Site "Salou"]
[Date "2021.03.28"]
[Round "2.4"]
[White "Salinas Tomas, Daniel"]
[Black "Mallorqui Llop, Marc"]
[Result "1-0"]
[WhiteFideId "24597716"]
[BlackFideId "54564948"]
[WhiteElo "2024"]
[BlackElo "1251"]

1. Nf3 {[%clk 01:30:56]} {[%emt 00:00:02]} d5 {[%clk 01:30:44]} {[%emt
00:00:17]} 2. g3 {[%clk 01:31:08]} {[%emt 00:00:18]} Nf6 {[%clk 01:30:42]}
{[%emt 00:00:32]} 3. Bg2 {[%clk 01:31:30]} {[%emt 00:00:08]} Bf5 {[%clk
01:30:17]} {[%emt 00:00:55]} 4. O-O {[%clk 01:29:57]} {[%emt 00:02:03]} e6
{[%clk 01:29:51]} {[%emt 00:00:57]} 5. c4 {[%clk 01:28:58]} {[%emt 00:01:28]}
c6 {[%clk 01:28:47]} {[%emt 00:01:35]} 6. cxd5 {[%clk 01:28:58]} {[%emt
00:00:30]} cxd5 {[%clk 01:28:37]} {[%emt 00:00:41]} 7. d3 {[%clk 01:28:58]}
{[%emt 00:00:30]} Nc6 {[%clk 01:28:23]} {[%emt 00:00:44]} 8. Qb3 {[%clk
01:27:53]} {[%emt 00:01:35]} Qb6 {[%clk 01:27:16]} {[%emt 00:01:37]} 9. Qc2
{[%clk 01:27:14]} {[%emt 00:01:09]} Bd6 {[%clk 01:27:10]} {[%emt 00:00:36]} 10.
Bg5 {[%clk 01:25:38]} {[%emt 00:02:06]} Nd4 {[%clk 01:24:04]} {[%emt 00:03:36]}
11. Qa4+ {[%clk 01:22:44]} {[%emt 00:03:25]} Nc6 {[%clk 01:23:13]} {[%emt
00:01:21]} 12. Nbd2 {[%clk 01:19:46]} {[%emt 00:03:28]} Nd7 {[%clk 01:19:29]}
{[%emt 00:04:14]} 13. e4 {[%clk 01:10:17]} {[%emt 00:09:58]} Bg6 {[%clk
01:16:32]} {[%emt 00:03:28]} 14. exd5 {[%clk 01:09:35]} {[%emt 00:01:11]} Nc5
{[%clk 01:16:43]} {[%emt 00:00:19]} 15. Qh4 {[%clk 01:05:55]} {[%emt 00:04:10]}
Nd8 {[%clk 01:14:35]} {[%emt 00:02:38]} 16. Nc4 {[%clk 01:04:28]} {[%emt
00:01:57]} Qc7 {[%clk 01:14:10]} {[%emt 00:00:55]} 17. Nxd6+ {[%clk 01:02:47]}
{[%emt 00:02:13]} Qxd6 {[%clk 01:14:29]} {[%emt 00:00:10]} 18. Bf4 {[%clk
01:02:43]} {[%emt 00:00:34]} Qxd5 {[%clk 01:13:23]} {[%emt 00:01:36]} 19. Ne5
{[%clk 01:02:38]} {[%emt 00:00:35]} Qd4 {[%clk 01:12:27]} {[%emt 00:01:17]} 20.
Nxg6 {[%clk 01:02:56]} {[%emt 00:00:22]} fxg6 {[%clk 01:12:41]} {[%emt
00:00:16]} 21. Qg5 {[%clk 01:03:03]} {[%emt 00:00:23]} Nxd3 {[%clk 01:11:57]}
{[%emt 00:01:15]} 22. Qb5+ {[%clk 01:02:55]} {[%emt 00:00:36]} Kf7 {[%clk
01:10:51]} {[%emt 00:01:37]} 23. Rad1 {[%clk 01:02:46]} {[%emt 00:00:38]} e5
{[%clk 01:10:28]} {[%emt 00:00:54]} 24. Rxd3 {[%clk 01:03:08]} {[%emt
00:00:08]} Qxd3 {[%clk 01:08:48]} {[%emt 00:02:10]} 25. Qxd3 {[%clk 01:03:26]}
{[%emt 00:00:12]} exf4 {[%clk 01:09:12]} {[%emt 00:00:06]} 26. Qd7+ {[%clk
01:03:37]} {[%emt 00:00:18]} Kf6 {[%clk 01:09:09]} {[%emt 00:00:34]} 27. Qd6+
{[%clk 01:03:59]} {[%emt 00:00:08]} Ne6 {[%clk 01:07:50]} {[%emt 00:01:49]} 28.
Re1 {[%clk 01:04:22]} {[%emt 00:00:06]} Rhe8 {[%clk 01:08:08]} {[%emt
00:00:13]} 29. Bd5 {[%clk 01:04:45]} {[%emt 00:00:06]} Rad8 {[%clk 01:08:25]}
{[%emt 00:00:13]} 30. Rxe6+ {[%clk 01:05:08]} {[%emt 00:00:08]} Kg5 {[%emt
00:00:39]} 31. Qxf4+ {[%emt 00:00:08]} Kh5 {[%clk 01:07:33]} {[%emt 00:00:34]}
32. Bf3# {[%clk 01:05:32]} {[%emt 00:00:07]} 1-0

[Event "Campionat de Catalunya 2021 Sub 10-14"]
[Site "Salou"]
[Date "2021.03.28"]
[Round "2.5"]
[White "Poyan Cobelli, Alex"]
[Black "Villa Tornero, Alex"]
[Result "0-1"]
[WhiteFideId "54544572"]
[BlackFideId "54501091"]
[WhiteElo "1248"]
[BlackElo "1859"]

1. e4 {[%clk 01:30:57]} {[%emt 00:00:03]} d6 {[%clk 01:30:52]} {[%emt
00:00:09]} 2. d4 {[%clk 01:30:34]} {[%emt 00:00:51]} Nf6 {[%clk 01:31:09]}
{[%emt 00:00:13]} 3. Nc3 {[%clk 01:29:41]} {[%emt 00:01:24]} Nbd7 {[%clk
01:31:07]} {[%emt 00:00:31]} 4. Nf3 {[%clk 01:28:11]} {[%emt 00:02:01]} e5
{[%clk 01:30:09]} {[%emt 00:01:28]} 5. dxe5 {[%clk 01:27:02]} {[%emt 00:01:39]}
dxe5 {[%clk 01:30:19]} {[%emt 00:00:19]} 6. Bg5 {[%clk 01:26:00]} {[%emt
00:01:33]} Be7 {[%clk 01:26:27]} {[%emt 00:04:21]} 7. Bc4 {[%clk 01:22:11]}
{[%emt 00:03:51]} O-O {[%clk 01:25:53]} {[%emt 00:01:04]} 8. O-O {[%clk
01:21:38]} {[%emt 00:01:32]} c6 {[%clk 01:25:20]} {[%emt 00:01:03]} 9. Qe2
{[%clk 01:19:41]} {[%emt 00:02:27]} Qc7 {[%clk 01:24:01]} {[%emt 00:01:49]} 10.
Rad1 {[%clk 01:17:51]} {[%emt 00:02:19]} b5 {[%clk 01:17:23]} {[%emt 00:07:08]}
11. Bxf6 {[%clk 01:08:07]} {[%emt 00:10:15]} Bxf6 {[%clk 01:14:40]} {[%emt
00:03:14]} 12. Bxb5 {[%clk 01:05:46]} {[%emt 00:02:51]} cxb5 {[%clk 01:14:32]}
{[%emt 00:00:38]} 13. Nd5 {[%clk 01:06:05]} {[%emt 00:00:10]} Qc4 {[%clk
01:12:13]} {[%emt 00:02:49]} 14. Nxf6+ {[%clk 01:05:00]} {[%emt 00:01:36]} Nxf6
{[%clk 01:12:12]} {[%emt 00:00:32]} 15. Qxc4 {[%clk 01:05:16]} {[%emt
00:00:13]} bxc4 {[%clk 01:12:36]} {[%emt 00:00:06]} 16. Nxe5 {[%clk 01:05:07]}
{[%emt 00:00:38]} Nxe4 {[%clk 01:12:47]} {[%emt 00:00:18]} 17. Rfe1 {[%clk
01:04:41]} {[%emt 00:00:56]} Bf5 {[%clk 01:10:01]} {[%emt 00:03:17]} 18. g4
{[%clk 01:02:43]} {[%emt 00:02:29]} Rfe8 {[%clk 01:05:21]} {[%emt 00:05:11]} 19.
gxf5 {[%clk 01:02:01]} {[%emt 00:01:11]} Rxe5 {[%clk 01:05:36]} {[%emt
00:00:15]} 20. Rd4 {[%clk 01:02:10]} {[%emt 00:00:21]} Ng5 {[%clk 01:05:45]}
{[%emt 00:00:50]} 21. Rxe5 {[%clk 00:59:59]} {[%emt 00:02:42]} Nf3+ {[%clk
01:05:41]} {[%emt 00:00:04]} 22. Kg2 {[%clk 01:00:11]} {[%emt 00:00:17]} Nxe5
{[%clk 01:05:37]} {[%emt 00:00:34]} 23. f4 {[%clk 01:00:01]} {[%emt 00:00:41]}
Ng4 {[%clk 01:05:43]} {[%emt 00:00:24]} 24. Kg3 {[%clk 00:59:53]} {[%emt
00:00:39]} Ne3 {[%clk 01:05:30]} {[%emt 00:00:42]} 25. Kf3 {[%clk 00:59:51]}
{[%emt 00:00:32]} Re8 {[%clk 01:04:37]} {[%emt 00:01:22]} 26. c3 {[%clk
00:58:41]} {[%emt 00:01:41]} Nxf5 {[%clk 01:02:17]} {[%emt 00:02:50]} 27. Rxc4
{[%clk 00:58:45]} {[%emt 00:00:27]} f6 {[%clk 01:02:03]} {[%emt 00:00:43]} 28.
Re4 {[%clk 00:57:26]} {[%emt 00:01:50]} Rxe4 {[%clk 01:01:42]} {[%emt
00:00:50]} 29. Kxe4 {[%clk 00:57:47]} {[%emt 00:00:09]} Ne7 {[%clk 01:02:09]}
{[%emt 00:00:03]} 30. b4 {[%clk 00:58:11]} {[%emt 00:00:07]} Kf7 {[%clk
01:02:32]} {[%emt 00:00:07]} 31. c4 {[%clk 00:57:42]} {[%emt 00:00:59]} Ke6
{[%clk 01:02:45]} {[%emt 00:00:17]} 32. a4 {[%clk 00:57:25]} {[%emt 00:00:47]}
Kd6 {[%clk 01:02:33]} {[%emt 00:00:42]} 33. c5+ {[%clk 00:57:05]} {[%emt
00:00:50]} Kc6 {[%clk 01:02:45]} {[%emt 00:00:17]} 34. Kd4 {[%clk 00:57:10]}
{[%emt 00:00:24]} a6 {[%clk 00:58:36]} {[%emt 00:04:41]} 35. Kc4 {[%clk
00:56:48]} {[%emt 00:00:51]} h6 {[%clk 00:58:14]} {[%emt 00:00:53]} 36. b5+
{[%clk 00:57:01]} {[%emt 00:00:16]} axb5+ {[%clk 00:58:39]} {[%emt 00:00:04]}
37. axb5+ {[%clk 00:57:09]} {[%emt 00:00:22]} Kc7 {[%clk 00:58:55]} {[%emt
00:00:15]} 38. Kb4 {[%clk 00:51:57]} {[%emt 00:05:41]} g5 {[%clk 00:58:21]}
{[%emt 00:01:04]} 39. fxg5 {[%clk 00:51:53]} {[%emt 00:00:35]} hxg5 {[%clk
00:58:40]} {[%emt 00:00:11]} 40. Ka5 {[%clk 00:52:14]} {[%emt 00:00:09]} f5
{[%clk 00:51:48]} {[%emt 00:07:22]} 41. Ka6 {[%clk 00:52:19]} {[%emt 00:00:25]}
f4 {[%clk 00:51:47]} {[%emt 00:00:31]} 42. Ka7 {[%clk 00:50:18]} {[%emt
00:02:30]} Nc8+ {[%clk 00:52:08]} {[%emt 00:00:08]} 43. Ka6 {[%clk 00:49:58]}
{[%emt 00:00:51]} f3 {[%clk 00:52:33]} {[%emt 00:00:05]} 44. b6+ {[%clk
00:50:20]} {[%emt 00:00:07]} Nxb6 {[%clk 00:52:55]} {[%emt 00:00:09]} 45. h4
{[%clk 00:49:45]} {[%emt 00:01:05]} f2 {[%clk 00:53:19]} {[%emt 00:00:06]} 46.
cxb6+ {[%clk 00:49:56]} {[%emt 00:00:19]} Kc6 {[%clk 00:53:16]} {[%emt
00:00:33]} 47. Ka7 {[%clk 00:49:06]} {[%emt 00:01:20]} f1=Q {[%clk 00:53:37]}
{[%emt 00:00:09]} 48. b7 {[%clk 00:48:24]} {[%emt 00:01:11]} Qa1+ {[%clk
00:53:52]} {[%emt 00:00:15]} 49. Kb8 {[%clk 00:48:37]} {[%emt 00:00:18]} Qg7
{[%clk 00:54:11]} {[%emt 00:00:10]} 50. Ka8 {[%clk 00:48:33]} {[%emt 00:00:34]}
Qxb7# {[%clk 00:54:33]} {[%emt 00:00:08]} 0-1

[Event "Campionat de Catalunya 2021 Sub 10-14"]
[Site "Salou"]
[Date "2021.03.28"]
[Round "2.6"]
[White "Mompel Ferruz, Xavier"]
[Black "Martos Martin, Daniel"]
[Result "1-0"]
[WhiteFideId "54585775"]
[BlackFideId "54713161"]
[WhiteElo "1721"]
[BlackElo "1242"]

1. e4 {[%clk 01:30:55]} {[%emt 00:00:03]} c5 {[%clk 01:29:54]} {[%emt
00:01:07]} 2. Nf3 {[%clk 01:31:16]} {[%emt 00:00:09]} e6 {[%clk 01:29:49]}
{[%emt 00:00:35]} 3. d4 {[%clk 01:31:11]} {[%emt 00:00:34]} cxd4 {[%clk
01:29:54]} {[%emt 00:00:26]} 4. Nxd4 {[%clk 01:31:32]} {[%emt 00:00:09]} a6
{[%clk 01:29:53]} {[%emt 00:00:32]} 5. Nc3 {[%clk 01:30:48]} {[%emt 00:01:13]}
Qc7 {[%clk 01:29:53]} {[%emt 00:00:30]} 6. g3 {[%clk 01:29:59]} {[%emt
00:01:19]} Nf6 {[%clk 01:29:26]} {[%emt 00:00:57]} 7. Bg2 {[%clk 01:24:53]}
{[%emt 00:05:36]} Nc6 {[%clk 01:29:29]} {[%emt 00:00:27]} 8. Be3 {[%clk
01:23:17]} {[%emt 00:02:05]} Nxd4 {[%clk 01:27:38]} {[%emt 00:02:22]} 9. Bxd4
{[%clk 01:21:34]} {[%emt 00:02:13]} Bc5 {[%clk 01:27:39]} {[%emt 00:00:29]} 10.
e5 {[%clk 01:20:18]} {[%emt 00:01:46]} Ng8 {[%clk 01:21:33]} {[%emt 00:06:36]}
11. Ne4 {[%clk 01:14:07]} {[%emt 00:06:42]} Bf8 {[%clk 01:18:49]} {[%emt
00:03:14]} 12. Bc3 {[%clk 01:12:41]} {[%emt 00:01:55]} Rb8 {[%clk 01:15:00]}
{[%emt 00:04:20]} 13. Nd6+ {[%clk 01:12:14]} {[%emt 00:00:56]} Bxd6 {[%clk
01:13:15]} {[%emt 00:02:15]} 14. exd6 {[%clk 01:12:36]} {[%emt 00:00:08]} Qd8
{[%clk 01:13:39]} {[%emt 00:00:06]} 15. Bxg7 {[%clk 01:12:52]} {[%emt
00:00:14]} b5 {[%clk 01:11:23]} {[%emt 00:02:46]} 16. Bxh8 {[%clk 01:13:04]}
{[%emt 00:00:18]} Nf6 {[%clk 01:11:13]} {[%emt 00:00:40]} 17. Bxf6 {[%clk
01:13:20]} {[%emt 00:00:14]} Qxf6 {[%clk 01:11:38]} {[%emt 00:00:05]} 18. O-O
{[%clk 01:12:42]} {[%emt 00:01:08]} Qxb2 {[%clk 01:06:14]} {[%emt 00:05:53]} 19.
Qg4 {[%clk 01:12:56]} {[%emt 00:00:16]} Qh8 {[%clk 01:06:22]} {[%emt 00:00:23]}
20. Qg5 {[%clk 01:12:53]} {[%emt 00:00:33]} Qf8 {[%clk 01:06:20]} {[%emt
00:00:32]} 21. Rad1 {[%clk 01:12:33]} {[%emt 00:00:50]} h6 {[%clk 01:02:39]}
{[%emt 00:04:11]} 22. Qc5 {[%clk 01:12:46]} {[%emt 00:00:16]} 1-0